000 00275nam a2200121Ia 4500
008 190216s9999||||xx |||||||||||||| ||und||
100 _aNull
245 0 _aPusthaka Nirmanam
260 _bKerala Bhasha Institute
_c1974
300 _a224p
650 _aEconomics
942 _cBK
999 _c39895
_d39895